The World of Vastseliina Estate in 1913

Titel: The World of Vastseliina Estate in 1913 : Reinhold Karl von Liphardt as a Photographer / Ojārs Spārītis
Verfasser:
In: Baltic journal of art history, Band 25 (2023), Seite 89-127
alle Artikel anzeigen
Veröffentlicht: 2023
Umfang: 38 Illustrationen
Format: Aufsatz
Sprache: Englisch
Schlagworte:
Kein Bild verfügbar
X
alg: 51580829
001A    $03025:26-02-24 
001B    $01999:26-02-24 $t22:47:13.000 
001D    $03025:26-02-24 
001U    $0utf8 
001X    $00 
002@    $0Aou 
002C    $aText $btxt $2rdacontent 
002D    $aohne Hilfsmittel zu benutzen $bn $2rdamedia 
002E    $aBand $bnc $2rdacarrier 
003@    $0515808296 
007A    $0515808296 $aHEB 
010@    $aeng 
010E    $erda 
011@    $a2023 
021A    $aThe @World of Vastseliina Estate in 1913 $dReinhold Karl von Liphardt as a Photographer $hOjārs Spārītis 
028A    $BVerfasser $#Spārītis, O. $4aut $7123938481 $8Spārītis, Ojārs$Z1955- [Tp1] $9154734373 
031A    $d25 $g39 $h89-127 $j2023 
034M    $a38 Illustrationen 
039B    $aEnthalten in $8--Abvc--. Baltic journal of art history. - Tartu : Univ. of Tartu Press, 2009-. - ISSN 1736-8812 $x202300000250000911 $9224987135 
044K    $#Liphardt, Reinhold Karl von Jr. $71321696140 $8Liphardt, Reinhold Karl$cvon$Z1864-1940 [Tp3] $9515807923 
044K    $RVõru $#Neuhausen $71321692684 $8Vastseliina [Tg3] $9515806897 
044K    $#Baltendeutsche $#Deutsche Baltikum $74011593-8 $8Deutschbalten [Ts1] $9085023647 
044K    $RGrundherrschaft $74158582-3 $8Gutsherrschaft [Ts1] $9085686026 
044K    $RDigitale Fotografie $RFototechnik $RFotografisches Verfahren $#Photography $#Photographie $#Photographs $#Photographies $#Photographie $#Aufnahme Photographie $#Aufnahme Fotografie $#Aufnahme Fotographie $#Aufnahme Photografie $#Foto $#Fotografieren $#Photographieren $#Fotographieren $#Photografieren $#Photo $#Photoaufnahme $#Fotoaufnahme $#Photokunst $#Fotokunst $#Fotographie $#Photografie $#Lichtbild Photographie $#Lichtbild Fotografie $#Lichtbild Fotographie $#Lichtbild Photografie $#Photographische Aufnahme $#Fotografische Aufnahme $#Fotographische Aufnahme $#Photografische Aufnahme $74045895-7 $8Fotografie [Tsz] $9085128422 
044K    $RFotografie $#Landscape photography $#Photographie de paysage $#Fotografía de paisaje $#Landschaftsphotographie $#Landschaftsfotographie $#Landschaft Fotografie $74132170-4 $8Landschaftsfotografie [Ts1] $9085474436 
044K    $RPrivatleben $RLebenswelt $RAlltagskultur $#Vie pratique $#Alltagsphänomen $#Alltagsleben $#Alltagswelt $#Lebensweise Alltag $#Tägliches Leben $#Daily Life $74001307-8 $8Alltag [Ts1] $9084994274 
044K    $#Seto Volk $#Setu $74737381-7 $8Setukesen [Ts1] $9112383661 
045F    $a709.479809041 $eDDC23BSB 
045F/01 $a709 
045F/03 $f09041 
045F/03 $g4798 
045R    $aSozialgeschichte 1912-1913 
045T    $a9,10 

lok: 51580829 78

exp: 51580829 78 1 #EPN
201B/01 $026-02-24 $t11:11:19.000 
201C/01 $026-02-24 
201U/01 $0utf8 
203@/01 $01256896845 
208@/01 $a26-02-24 $be 
209A/01 $a/ $f000 $x00 
209A/01 $ab*p $x01 
220C/01 $akoe 
247C/01 $82080>Marburg/Lahn, Herder-Institut, Forschungsbibliothek, Bibliographieportal $9336309341
LEADER 00000caa a2200000 c 4500
001 515808296
003 DE-603
005 20240226224713.0
007 tu
008 240226s2023 xx |||| | u00||u|eng c
035 |a (DE-599)HEB515808296 
040 |a DE-603  |b ger  |c DE-603  |d DE-603  |e rda 
041 |a eng 
082 0 4 |8 1\u  |a 709.479809041  |q DE-101  |2 23/BSB 
084 |a 9,10  |2 ssgn 
085 |8 1\u  |b 709 
085 |8 1\u  |z 1  |s 09041 
085 |8 1\u  |z 2  |s 4798 
100 1 |a Spārītis, Ojārs  |d 1955-  |e Verfasser  |4 aut  |0 (DE-603)154734373  |0 (DE-588)123938481  |2 gnd 
245 0 0 |a ˜Theœ World of Vastseliina Estate in 1913  |b Reinhold Karl von Liphardt as a Photographer  |c Ojārs Spārītis 
264 0 |c 2023 
300 |b 38 Illustrationen 
336 |a Text  |b txt  |2 rdacontent 
337 |a ohne Hilfsmittel zu benutzen  |b n  |2 rdamedia 
338 |a Band  |b nc  |2 rdacarrier 
600 1 7 |a Liphardt, Reinhold Karl von  |d 1864-1940  |0 (DE-588)1321696140  |0 (DE-603)515807923  |2 gnd 
648 7 |a Sozialgeschichte 1912-1913  |2 gnd 
650 7 |a Deutschbalten  |0 (DE-588)4011593-8  |0 (DE-603)085023647  |2 gnd 
650 7 |a Gutsherrschaft  |0 (DE-588)4158582-3  |0 (DE-603)085686026  |2 gnd 
650 7 |a Fotografie  |0 (DE-588)4045895-7  |0 (DE-603)085128422  |2 gnd 
650 7 |a Landschaftsfotografie  |0 (DE-588)4132170-4  |0 (DE-603)085474436  |2 gnd 
650 7 |a Alltag  |0 (DE-588)4001307-8  |0 (DE-603)084994274  |2 gnd 
650 7 |a Setukesen  |0 (DE-588)4737381-7  |0 (DE-603)112383661  |2 gnd 
651 7 |a Vastseliina  |0 (DE-588)1321692684  |0 (DE-603)515806897  |2 gnd 
773 0 8 |i Enthalten in  |t Baltic journal of art history  |d Tartu : Univ. of Tartu Press, 2009-  |h 24 cm  |x 1736-8812  |g Band 25 (2023), Seite 89-127  |w (DE-603)224987135  |w (DE-600)2563410-0 
924 0 |9 2080  |a (DE-603)1256896845  |b DE-2080  |c HES  |d d  |g /